Εγώ, ο Έλληνας μετανάστης : η ζωή του "Πατέρα" : μαρτυρία = Moi, l' emigre grec : la vie du "Pere" : temoignage
Saved in:
| Main Author: | |
|---|---|
| Other Authors: | |
| Format: | Book |
| Language: | Greek French |
| Published: |
Μυτιλήνη :
[χ.ό.],
2006.
|
| Subjects: | |
| Tags: |
Add Tag
No Tags, Be the first to tag this record!
|
MARC
| LEADER | 00000cam a2200000 i 4500 | ||
|---|---|---|---|
| 001 | 1/37730 | ||
| 008 | 061117s2006####gr | ||||| |||| ||gre|| | ||
| 020 | |a 9608847842 | ||
| 035 | |l 10086164 | ||
| 040 | |a GR-MyUA |b gre |e AACR2 | ||
| 041 | 1 | |a gre |a fre | |
| 082 | 0 | |a 920 |2 (22) | |
| 100 | 1 | |a Δρακούλας, Γεώργιος Ν., |d 1928- | |
| 245 | 1 | 0 | |a Εγώ, ο Έλληνας μετανάστης : |b η ζωή του "Πατέρα" : μαρτυρία = Moi, l' emigre grec : la vie du "Pere" : temoignage / |c Γεώργιος Δρακούλας = George Dracoulas ; μετάφραση από τα ελληνικά: Irini Dracoulas. |
| 246 | 1 | |i Παράλληλος τίτλος: |a Moi, l' emigre grec : |b la vie du "Pere" : temoignage | |
| 260 | |a Μυτιλήνη : |b [χ.ό.], |c 2006. | ||
| 300 | |a 220 σ.; |b εγχρ. εικ.; |c 24 εκ. | ||
| 500 | |a Το βιβλίο είναι μεταφρασμένο στα γαλλικά και είναι ενωμένο με το ελληνικό σε ένα τεκμήριο. | ||
| 650 | 0 | 0 | |a Immigrants |z Greece |x Biography. |
| 651 | 0 | |a Greece |x Emigration and immigration |x History. | |
| 700 | 1 | |a Δρακούλα, Ειρήνη, |e trlf | |
| 852 | |a INST |b CHIOS |e 20061207 |h 304.84930495 ΔΡΑ |p 005200026510 |q 005200026510 |t BK |y 0 | ||
| 852 | |a INST |b LESVOS |e 20071113 |h 304.84930495 ΔΡΑ |p 005100040766 |q 005100040766 |t BK |y 0 | ||
| 852 | |a INST |b LESVOS |e 20071113 |h 304.84930495 ΔΡΑ |p 005100040767 |q 005100040767 |t BK |y 0 | ||
| 852 | |a INST |b RHODES |e 20061117 |h 304.84930495 ΔΡΑ |p 005400023885 |q 005400023885 |t BK |y 0 | ||
| 852 | |a INST |b SAMOS |e 20070515 |h 304.84930495 ΔΡΑ |p 005300026372 |q 005300026372 |t BK |y 0 | ||
| 852 | |a INST |b SYROS |e 20111123 |h 920 ΔΡΑ |p 005500009841 |q 005500009841 |t BK |y 0 | ||
| 901 | |a BIBL5-2011-2 | ||
| 901 | |a BIBL3-2007-2 | ||
| 901 | |a BIBL4-2006-3 | ||
| 901 | |a BIBL2-2006-3 | ||
| 901 | |a BIBL1-2007-3 | ||
| 922 | |a 1ΕΛΗ |b 2006-10 |c ΤΑΚ/ΚΥΒ |d ΓΕΩΡΓΙΟΣ ΔΡΑΚΟΥΛΑΣ | ||
| 970 | |a ΚΟΖΑ |b ΜΑΡΙΑ |z 2006/11/16 | ||